Peter the great transforms Russia

Contents: Russia before Peter the great, Peter's great achievements, Political reform, Economic Reform, Ecclesiastical and culture, Peter and his opposition, In Retrospect.

Wedi'i Gadw mewn:
Manylion Llyfryddiaeth
Fformat: Llyfr
Iaith:Undetermined
Cyhoeddwyd: Lexington, Mass. Heath 1991
Pynciau:
Tagiau: Ychwanegu Tag
Dim Tagiau, Byddwch y cyntaf i dagio'r cofnod hwn!
Thư viện lưu trữ: Trung tâm Học liệu Trường Đại học Cần Thơ
LEADER 00792nam a2200217Ia 4500
001 CTU_220319
008 210402s9999 xx 000 0 und d
020 |c 2.18 
082 |a 947.05 
082 |b P478 
245 0 |a Peter the great transforms Russia 
245 0 |c Edited and with an introduction by James Cracraft 
260 |a Lexington, Mass. 
260 |b Heath 
260 |c 1991 
520 |a Contents: Russia before Peter the great, Peter's great achievements, Political reform, Economic Reform, Ecclesiastical and culture, Peter and his opposition, In Retrospect. 
650 |a Nước Nga,Russia 
650 |x Lịch sử,History 
650 |y Peter I, 1689-1725,Peter I, 1689-1725 
904 |i Gia Linh,Hải 
980 |a Trung tâm Học liệu Trường Đại học Cần Thơ